Visual basic 6 from the ground up (Record no. 15)

MARC details
000 -LEADER
fixed length control field 00543cam a2200217ua 4500
008 - FIXED-LENGTH DATA ELEMENTS--GENERAL INFORMATION
fixed length control field 190725n ii |||gr||||Z||||||eng
020 ## - INTERNATIONAL STANDARD BOOK NUMBER
International Standard Book Number 978-0-07-463557-5
020 ## - INTERNATIONAL STANDARD BOOK NUMBER
International Standard Book Number 0-07-463557-3
040 ## - CATALOGING SOURCE
Transcribing agency MAIN
041 ## - LANGUAGE CODE
-- eng
082 ## - DEWEY DECIMAL CLASSIFICATION NUMBER
Classification number 005.118
100 ## - MAIN ENTRY--PERSONAL NAME
Personal name Cornell, Gary.,
245 ## - TITLE STATEMENT
Title Visual basic 6 from the ground up
Statement of responsibility, etc. By Gary Cornell
250 ## - EDITION STATEMENT
Edition statement 1999th.
260 ## - PUBLICATION, DISTRIBUTION, ETC.
Place of publication, distribution, etc. New Delhi:
Name of publisher, distributor, etc. Mcgraw Hill.,
Date of publication, distribution, etc. 2008.
300 ## - PHYSICAL DESCRIPTION
Extent xvii, 932 p.:
Other physical details ill;
Dimensions 24 cm.
942 ## - ADDED ENTRY ELEMENTS (KOHA)
Koha item type Books
653 ## - INDEX TERM--UNCONTROLLED
Uncontrolled term Computer science
653 ## - INDEX TERM--UNCONTROLLED
Uncontrolled term Visual Basic 6
Holdings
Withdrawn status Lost status Damaged status Not for loan Home library Current library Shelving location Date acquired Total Checkouts Full call number Barcode Date last seen Copy number Price effective from Koha item type
        Central Library, Naharkatiya College Central Library, Naharkatiya College General Stacks 19/09/2020   005.118 | COR. 18533 19/09/2020 1 19/09/2020 Books

Naharkatiya College © 2020. All rights reserved.

Powered By